000 00401nam a2200181Ia 4500
001 1424
005 20260306143727.0
008 260306t1987||||xx |||||||||||||| ||spa||
041 _aESP
082 _a150
_bP25
100 _aPapalia, Diane E.
_eAUT
245 0 _aPsicologĂ­a
260 _c1987
300 _a762 páginas :
_c26 cm.
650 _aGEN
654 _aCPS
942 _cLIB
_dJUS
_fJUS
_2ddc
_n
999 _c1424
_d1424